000 00735nam a2200289Ia 4500
005 20260324120609.0
008 008 260324s9999 xx 000 0 eng d
020 _a9781315735894
037 _aEBOOK
040 _aCRL
040 _beng
040 _cCRL
041 _2eng
041 _aeng
084 _qCRL
100 _aJo Inge Bekkevold; Ian Bowers; Michael Raska
_91159205
245 0 _aSecurity, Strategy and Military Change in the 21st Century
245 0 _bCross-Regional Perspectives
260 _bTaylor and Francis
260 _c2015
365 _a
365 _b265
856 _uhttp://www.taylorfrancis.com/books/9781315735894
942 _cEBOOK
999 _c1750821
_d1750821